Top 5 offensive players on the Packers - Statistics

General Stats
  • This quiz has been taken 35 times
  • The average score is 3 of 5
Answer Stats
Number Answer % Correct
12 Aaron Rodgers
96%
33 Aaron Jones
93%
17 Davante Adams
93%
69 David Bakhtiari
32%
9 Christian Watson
29%
No matching quizzes found
Score Distribution
Percent of People with Each Score
Percentile by Number Answered
Your Score History
You have not taken this quiz